<?xml version="1.0" encoding="UTF-8"?>
<record
    xmlns:xsi="http://www.w3.org/2001/XMLSchema-instance"
    xsi:schemaLocation="http://www.loc.gov/MARC21/slim http://www.loc.gov/standards/marcxml/schema/MARC21slim.xsd"
    xmlns="http://www.loc.gov/MARC21/slim">

  <leader>00594nam a22001217a 4500</leader>
  <datafield tag="040" ind1=" " ind2=" ">
    <subfield code="c">SHN </subfield>
  </datafield>
  <datafield tag="082" ind1=" " ind2=" ">
    <subfield code="a">SHN CAM 2015 C326 Or.</subfield>
  </datafield>
  <datafield tag="100" ind1=" " ind2=" ">
    <subfield code="a">&#x179C;&#x17C1;&#x1791;&#x17B7;&#x1780;&#x17B6;&#x1793;&#x17C3;&#x17A2;&#x1784;&#x17D2;&#x1782;&#x1780;&#x17B6;&#x179A;&#x1798;&#x17B7;&#x1793;&#x1798;&#x17C2;&#x1793;&#x179A;&#x178A;&#x17D2;&#x178B;&#x17B6;&#x1797;&#x17B7;&#x1794;&#x17B6;&#x179B;&#x200B; &#x179F;&#x17D2;&#x178F;&#x17B8;&#x1796;&#x17B8;&#x1780;&#x1798;&#x17D2;&#x1796;&#x17BB;&#x1787;&#x17B6;</subfield>
  </datafield>
  <datafield tag="245" ind1=" " ind2=" ">
    <subfield code="a">&#x1799;&#x17C4;&#x1794;&#x179B;&#x17CB;&#x179B;&#x17BE;&#x1782;&#x1798;&#x17D2;&#x179A;&#x17C4;&#x1784;&#x179A;&#x17C4;&#x1784;&#x17A2;&#x1782;&#x17D2;&#x1782;&#x17B8;&#x179F;&#x1793;&#x17B8;&#x178A;&#x17BE;&#x179A;&#x178A;&#x17C4;&#x1799;&#x178A;&#x17BB;&#x178F;&#x1792;&#x17D2;&#x1799;&#x17BC;&#x1784;&#x1790;&#x17D2;&#x1798;&#x1793;&#x17C5;&#x179F;&#x17D2;&#x179A;&#x17BB;&#x1780;&#x179F;&#x17D2;&#x1791;&#x17B9;&#x1784;&#x17A0;&#x17B6;&#x179C; &#x1781;&#x17C1;&#x178F;&#x17D2;&#x178F;&#x1796;&#x17D2;&#x179A;&#x17C7;&#x179F;&#x17B8;&#x17A0;&#x1793;&#x17BB;</subfield>
  </datafield>
  <datafield tag="260" ind1=" " ind2=" ">
    <subfield code="a">Cambodia</subfield>
    <subfield code="b">Phnom Penh</subfield>
    <subfield code="c">2015</subfield>
  </datafield>
  <datafield tag="300" ind1=" " ind2=" ">
    <subfield code="a">XXI.69P</subfield>
    <subfield code="b">II</subfield>
    <subfield code="c">24CM</subfield>
  </datafield>
  <datafield tag="942" ind1=" " ind2=" ">
    <subfield code="c">AEDBB</subfield>
  </datafield>
  <datafield tag="999" ind1=" " ind2=" ">
    <subfield code="c">22250</subfield>
    <subfield code="d">22250</subfield>
  </datafield>
  <datafield tag="952" ind1=" " ind2=" ">
    <subfield code="0">0</subfield>
    <subfield code="1">0</subfield>
    <subfield code="4">0</subfield>
    <subfield code="6">SHN_CAM_2015_000000000000000_C326_OR</subfield>
    <subfield code="7">0</subfield>
    <subfield code="9">96575</subfield>
    <subfield code="a">LBC</subfield>
    <subfield code="b">LBC</subfield>
    <subfield code="c">C326</subfield>
    <subfield code="d">2023-11-24</subfield>
    <subfield code="o">SHN CAM 2015 C326 Or.</subfield>
    <subfield code="p">A074936</subfield>
    <subfield code="r">2023-11-24</subfield>
    <subfield code="y">AEDBB</subfield>
  </datafield>
</record>
